American public finance (Record no. 8569)
[ view plain ]
| 000 -LEADER | |
|---|---|
| fixed length control field | 00988cam a22003011 4500 |
| 001 - CONTROL NUMBER | |
| JCCL Control Number | 8569 |
| 003 - CONTROL NUMBER IDENTIFIER | |
| JCCL marc code | BD-JhCC |
| 005 - DATE AND TIME OF LATEST TRANSACTION | |
| control field | 20180227175245.0 |
| 008 - FIXED-LENGTH DATA ELEMENTS--GENERAL INFORMATION | |
| fixed length control field | 180227s1959 njua b 001 0 eng d |
| 035 ## - SYSTEM CONTROL NUMBER | |
| system control number | (BD-JhCC)8569 |
| 035 ## - SYSTEM CONTROL NUMBER | |
| system control number | (OCoLC)252577 |
| 040 ## - CATALOGING SOURCE | |
| Original cataloging agency | BD-JhCC |
| Transcribing agency | ODaWU |
| Modifying agency | BD-JhCC |
| -- | DLC |
| 041 ## - LANGUAGE CODE | |
| Language code of Book | eng |
| 050 00 - LIBRARY OF CONGRESS CALL NUMBER | |
| Classification number | HJ241 |
| Item number | .S3 1959 |
| 082 ## - DEWEY DECIMAL CLASSIFICATION NUMBER | |
| Classification number | 336.73 |
| Author mark and Year | SHU 1959 |
| 100 1# - MAIN ENTRY--PERSONAL NAME | |
| Personal name | Shultz, William J. |
| Fuller form of name | (William John), |
| Dates associated with a name | 1902-1970. |
| 245 10 - TITLE STATEMENT | |
| Title | American public finance |
| Statement of responsibility, etc | [by] William J. Shultz [and] C. Lowell Harriss. |
| 250 ## - EDITION STATEMENT | |
| Edition statement | 7th ed. |
| 260 ## - PUBLICATION, DISTRIBUTION, ETC. (IMPRINT) | |
| Place of publication, distribution, etc | Englewood Cliffs, N.J., |
| Name of publisher, distributor, etc | Prentice-Hall, |
| Date of publication, distribution, etc | 1959. |
| 300 ## - PHYSICAL DESCRIPTION | |
| Pagination | 631 p. |
| Other physical details | illus. |
| Dimensions | 24 cm. |
| 500 ## - GENERAL NOTE | |
| General note | First published in 1931 under title: American public finance and taxation. |
| 504 ## - BIBLIOGRAPHY, ETC. NOTE | |
| Bibliography, etc | Includes bibliography. |
| 650 #0 - SUBJECT ADDED ENTRY--TOPICAL TERM | |
| Topical term or geographic name as entry element | Finance, Public |
| Geographic subdivision | United States. |
| 650 #0 - SUBJECT ADDED ENTRY--TOPICAL TERM | |
| Topical term or geographic name as entry element | Taxation |
| Geographic subdivision | United States. |
| 700 1# - ADDED ENTRY--PERSONAL NAME | |
| Personal name | Harriss, C. Lowell |
| Fuller form of name | (Clement Lowell), |
| Dates associated with a name | 1912-2009, |
| 942 ## - ADDED ENTRY ELEMENTS (KOHA) | |
| Source of classification or shelving scheme | Dewey Decimal Classification |
| Koha item type | Books |
| Source of classification or shelving scheme | Damaged status | Not for loan | Home library | Current library | Shelving location | Date of accession | Total Checkouts | Full call number | Barcode | Date last seen | Copy number | Koha item type |
|---|---|---|---|---|---|---|---|---|---|---|---|---|
| Dewey Decimal Classification | JCC Rouf Library | JCC Rouf Library | General Stacks | 02/27/2018 | 336.73 SHU 1959 | 11294 | 02/27/2018 | C-1 | Books |